| 000 | 00000nam##2200000za#4500 |
| 001 | 9.614534 |
| 003 | CaOODSP |
| 005 | 20210615100909 |
| 007 | ta |
| 008 | 150406|1998||||xxc||||| f|0| 0 eng|d |
| 020 | |a0-662-27145-9 |
| 040 | |aCaOODSP|beng |
| 043 | |an-cn--- |
| 086 | 1 |aF21-6/1998-7E |
| 110 | 1 |aCanada.|bDepartment of Finance.|bTask Force on the Future of the Canadian Financial Services Sector. |
| 245 | 10|aBackground report on extending bank powers to include light vehicle leasing / |cPrepared by Desrosiers Automotive Consultants Inc. |
| 260 | |aOttawa - Ontario : |bFinance Canada. |c1998. |
| 300 | |a188p. : |bgraphs, tables ; |c28 cm. |
| 490 | 1 |aResearch paper prepared for the Task Force on the Future of the Canadian Financial Services Sector |
| 500 | |aN.B.: Incorrect catalogue number (BT22-61/3-1998E-7) printed in this publication. |
| 563 | |aSoftcover |
| 590 | |a98-45|b1998-11-06 |
| 690 | 07|aBanking|2gcpds |
| 775 | 08|tRapport sur l'élargissement des pouvoirs des banques à la location-bail de véhicules légers / |w(CaOODSP)9.624852 |
| 776 | 0#|tBackground report on extending bank powers to include light vehicle leasing / |w(CaOODSP)9.572325 |
| 830 | #0|aResearch paper prepared for the Task Force on the Future of the Canadian Financial Services Sector.|w(CaOODSP)9.514612 |